| 000 | 01066cab a2200205 4500 | ||
|---|---|---|---|
| 001 | ABS67885 | ||
| 008 | 040618n2004 000 0 eng u | ||
| 035 | _a(Sirsi) u126511 | ||
| 100 | _aDeLaney, C. | ||
| 245 | _aRights of light: tips for developers | ||
| 260 | _c2004 | ||
| 490 |
_aConstruction Law Bulletin _v May 2004, 24-26(3) |
||
| 520 | _aOutlines the law relating to rights to light. It provides suggestions for developers to avoid claims and disputes. Describes; what the rights entail; when they are infringed; whether a development can be stopped; and what damages can be assessed. Advises developers to be aware of peoples' rights from the outset and to get specialist advise from a surveyor. Suggests minimising the risk of a claim, but if agreement cannot be reached, monetary compensation may be acceptable. Gives guidance on the light obstruction notice procedure. | ||
| 590 | _aABS | ||
| 650 |
_aRights of light _96267 |
||
| 650 | _aLIGHT OBSTRUCTION NOTICE | ||
| 650 | _aRIGHTS TO LIGHT | ||
| 690 |
_aBoundary disputes _96221 |
||
| 942 | _n0 | ||
| 999 |
_c74427 _d74427 |
||